000 00579cam a22001571 4500
082 _a030
_bSMA
100 1 _aSmith, William,
_949577
245 1 2 _aA smaller classical dictionary of biography, mythology, and geography.
_bAbridged from a larger dictionary.
_cBy William Smith, LL. D.
250 _a10th ed.
260 _aLondon,
_bJ. Murray,
_c1867.
300 _a2 p. l., vii-viii, 464 p.
_billus.
_c19 cm.
526 _a0
_b0
_c0
_d030_000000000000000_SMA
650 0 _aClassical dictionaries.
_949578
856 4 1 _uhttp://hdl.loc.gov/loc.gdc/scd0001.0000139356A
942 _2ddc
_cBK
999 _c552362
_d552362